Hướng dẫn sử dụng Pro/Engineer 2000i

Zapisane w:
Opis bibliograficzny
1. autor: Phạm Quang
Format: Książka
Język:Undetermined
Wydane: H. GTVT 2003
Hasła przedmiotowe:
Etykiety: Dodaj etykietę
Nie ma etykietki, Dołącz pierwszą etykiete!
Thư viện lưu trữ: Trung tâm Học liệu Trường Đại học Cần Thơ
LEADER 00580nam a2200205Ia 4500
001 CTU_59926
008 210402s9999 xx 000 0 und d
020 |b 50000 
082 |a 620..420285 
082 |b Qu106 
100 |a Phạm Quang 
245 0 |a Hướng dẫn sử dụng Pro/Engineer 2000i 
245 0 |c Phạm Quang và Phương Hoa 
260 |a H. 
260 |b GTVT 
260 |c 2003 
650 |a engineering,pro/engineer ( computer programs ) 
650 |x data processing 
904 |i Minh 
980 |a Trung tâm Học liệu Trường Đại học Cần Thơ